Taylor Swift - loml ( All Lyrics ) - Statistiques

Statistiques générales
  • Ce quiz a été pris 79 fois
  • Le résultat moyen est 276 sur 361
Statistiques - réponses
Réponse % Correct
life
100%
of
100%
I
98%
"I
98%
the
98%
The
98%
you
98%
You
98%
a
97%
A
97%
love
97%
we
97%
We
97%
"We
97%
and
95%
And
95%
it
95%
It
95%
your
95%
Your
95%
loss
94%
my
94%
was
94%
in
92%
In
92%
to
91%
go
88%
me
88%
were
88%
You're
88%
be
86%
he
86%
see
86%
What
86%
what
86%
I'm
84%
Never
84%
never
84%
"Never
84%
said,
84%
said
84%
Said
84%
how
83%
"I'll
83%
I'll
83%
legendary
83%
on
83%
Still
83%
still
83%
die
81%
mind,
81%
mind"
81%
all
80%
All
80%
could
80%
had
80%
momentary
80%
get
78%
this
78%
this,
78%
time
78%
don't
77%
from
77%
one
77%
stay
77%
then
77%
thought
77%
until
77%
buried
75%
leave"
75%
like
73%
out
73%
unnecessary
73%
almost
72%
coward
72%
let
72%
told
72%
under
72%
wish
72%
are
70%
babe"
70%
before
70%
can't
70%
'cause
70%
for
70%
If
70%
it's
70%
just
70%
kiss
70%
know
70%
lion
70%
Our
70%
table,
70%
That
70%
us
70%
at
69%
fire
69%
gonna
69%
goodbye
69%
kids,
69%
married
69%
quite
69%
shit
69%
something
69%
takes
69%
un-recall
69%
when
69%
When
69%
bed
67%
claimed
67%
dead?
67%
getting
67%
since
67%
talking
67%
they
67%
times"
67%
times
67%
valiant
67%
Who's
67%
eyes
66%
felt
66%
Oh,
66%
talked
66%
ever
64%
match,
64%
should've
64%
tell
64%
through
64%
too
64%
anyway ?
63%
better
63%
dreams,
63%
lies
63%
roar
63%
bland
61%
embarrassed
61%
field
61%
glimpse,
61%
killing
61%
rings
61%
steps
61%
stop
61%
suit
61%
About
59%
arson's
59%
million
59%
nick
59%
than
59%
tie,
59%
alive,
58%
back
58%
cemetery
58%
hell,
58%
her
58%
But
56%
Dancing
56%
flames
56%
ghost,
56%
Girl,
56%
once,
56%
safe
56%
somber
56%
engulfed
55%
fakes
55%
make
55%
second-hand
55%
those
55%
turned
55%
braids
53%
cradles
53%
cry
53%
guy
53%
Heaven
53%
phantoms
53%
reformed
53%
truth,
53%
dynamite
52%
ink
52%
into
52%
Steal
52%
took
52%
bleeds
50%
boy,
50%
Holy
50%
white
50%
aglow
48%
away
48%
black
48%
hole
48%
paintings
48%
plot
48%
Stitching,
48%
Well,
48%
cinephile
47%
Mr
47%
stand-up
47%
fate
45%
memories
45%
quick
45%
with
45%
combing
44%
low-down
44%
rekindled
44%
starry-eyed
44%
terrace,
44%
embroidered
42%
scheme
42%
blew
39%
impressionist
39%
winds
39%
counterfeit's
38%
waltzing
38%
fool
36%
sells
28%
conman
27%
cementery
8%
twits
8%
Aucun quiz correspondant
Distribution des résultats
% des personnes avec chaque résultat
Percentile par nombre de réponses
Votre historique - résultats
Vous n’avez pas pris ce quiz